000 00740cab a2200253 4500
001 WB3426-48
008 090401t1998 xxu||||| |||| 00| 0 eng d
035 _a(Sirsi) u87300
041 _aeng
245 _aRisk analysis
260 _c1998
350 _a0
490 _aTimes
_v7 July 1998, 26(1)
520 _aThe Treasury may overhaul its risk management systems in an attempt to stop the huge overspends on major infrastructure projects.
650 _aCONSTRUCTION COSTS
650 _aINFRASTRUCTURE PROJECTS
650 _aRAMP
650 _aRISK ANALYSIS AND MANAGEMENT FOR PROJECTS
650 _aRISK ANALYSIS
650 _aRISK MANAGEMENT
690 _aProject management
_96261
942 _n0
948 _c09/07/1998
999 _c55056
_d55056